¿Qué hacemos con los pobres? : la reiterada querella por la nación /
Análisis de largo alcance que pretende poner de manifiesto el modelo de desarrollo caracterizado por propiciar e incrementar la desigualdad y la injusticia, seguido en México desde el comienzo mismo de vida independiente. Se analiza el sistema mundial y las asimetrías que lo definen, y el crecimient...
保存先:
| 第一著者: | |
|---|---|
| フォーマット: | 図書 |
| 言語: | スペイン語 |
| 出版事項: |
México :
Aguilar,
1995, c1995
|
| シリーズ: | (Nuevo Siglo)
|
| 主題: | |
| タグ: |
タグなし, このレコードへの初めてのタグを付けませんか!
|
MARC
| LEADER | 00000nam^a2200000^a^4500 | ||
|---|---|---|---|
| 001 | 000260469 | ||
| 005 | 20250521000000.0 | ||
| 009 | 20260310110438.911 | ||
| 020 | |a 968-19-0256-4 | ||
| 037 | |a Acervo Xavier Clavigero | ||
| 041 | |a ESP | ||
| 082 | |a 330. 972 |b CAM | ||
| 100 | |a Campos, Julieta |e (autor) | ||
| 245 | 1 | 0 | |a ¿Qué hacemos con los pobres? : |b la reiterada querella por la nación / |c J. Campos. |
| 264 | 4 | |a México : |b Aguilar, |c 1995, c1995 | |
| 300 | |a 688 p. | ||
| 336 | |a texto |b txt |2 rdacontenido | ||
| 337 | |a sin mediación |b n |2 rdamedio | ||
| 338 | |a volumen |b nc |2 rdasoporte | ||
| 440 | 1 | |a (Nuevo Siglo) | |
| 520 | |a Análisis de largo alcance que pretende poner de manifiesto el modelo de desarrollo caracterizado por propiciar e incrementar la desigualdad y la injusticia, seguido en México desde el comienzo mismo de vida independiente. Se analiza el sistema mundial y las asimetrías que lo definen, y el crecimiento de México en ese marco referencial, sin olvidar su vocación latinoamericana y su frontera de tres mil kilómetros con Estados Unidos. Siguiendo la cronología histórica del país, la autora pone de manifiesto el divorcio entre el país tradicional y el moderno. | ||
| 649 | |a XX | ||
| 650 | |a Pobreza - |z México | ||
| 650 | |a Igualdad y Desigualdad - |z México | ||
| 650 | |a Igualdad y Desigualdad - |z México | ||
| 650 | |a Justicia e Injusticia - |z México | ||
| 650 | |a Distribución del Ingreso - |z México | ||
| 650 | |a Tratado de Libre Comercio - |z México-EUA | ||
| 650 | |a Desarrollo Económico-Social - |z México | ||
| 650 | |a Modernización - |z México | ||
| 650 | |a Capitalismo - |z México | ||
| 650 | |a Neoliberalismo - |z México | ||
| 650 | |a Globalización | ||
| 650 | |a Política Social - |z México | ||
| 650 | |a Política Económica - |z México | ||
| 650 | |a Política - |z México - |x Historia - |y Siglo XX | ||
| 650 | |a Política - |z México - |x Historia | ||
| 650 | |a Economía - |z México - |x Historia - |y Siglo XX | ||
| 650 | |a Economía - |z México - |x Historia | ||
| 650 | |a México - |x Historia - |y Siglo XX | ||
| 650 | |a México - |x Historia | ||
| 650 | |a México - |x Condiciones Sociales y Culturales | ||
| 650 | |a México - |x Condiciones Políticas | ||
| 650 | |a México - |x Condiciones Económicas | ||
| 910 | |a Fondo General | ||
| 920 | |a Impresos - Libros | ||
| 930 | |a Colección General | ||
| 905 | |a 101 | ||
| 901 | |a 0500128099 |b IT1 |c ACC |u 20250521 | ||
| 901 | |a 042416 |b IT1 |c ACC |u 20250521 | ||
| 902 | |a https://opac.biblio.iteso.mx/vufind/Record/000260469 | ||